Интенсификация химических процессов пеработки нефтяных компонентов: межвузовский сборник научных трудов

التفاصيل البيبلوغرافية
مؤلف مشترك: Казанский химико-технологический институт им. С. М. Кирова (КХТИ)
مؤلفون آخرون: Лебедева Н. М. (редактор)
اللغة:الروسية
منشور في: Казань, Изд-во Казанского химико-технологического ин-та, 1988
الموضوعات:
التنسيق: كتاب
KOHA link:https://koha.lib.tpu.ru/cgi-bin/koha/opac-detail.pl?biblionumber=252875

MARC

LEADER 00000nam0a2200000 4500
001 252875
005 20231101232806.0
035 |a (RuTPU)RU\TPU\book\275241 
090 |a 252875 
100 |a 20140306d1988 k y0rusy50 ca 
101 0 |a rus 
102 |a RU 
105 |a a z 001zy 
200 1 |a Интенсификация химических процессов пеработки нефтяных компонентов  |e межвузовский сборник научных трудов  |f Казанский химико-технологический институт им. С. М. Кирова (КХТИ) ; под ред. Н. М. Лебедевой 
210 |a Казань  |c Изд-во Казанского химико-технологического ин-та  |d 1988 
215 |a 132 с.  |c ил. 
320 |a Библиогр. в конце ст. 
606 1 |a Нефтехимические производства  |x Интенсификация  |2 stltpush  |3 (RuTPU)RU\TPU\subj\34128  |9 56165 
610 1 |a химические процессы 
610 1 |a нефтяные компоненты 
610 1 |a переработка 
610 1 |a нефтедобыча 
610 1 |a химизация 
610 1 |a нефтепереработка 
610 1 |a нефтехимический синтез 
675 |a 665.65  |v 3 
702 1 |a Лебедева  |b Н. М.  |4 340 
712 0 2 |a Казанский химико-технологический институт им. С. М. Кирова (КХТИ)  |c (1935-1992)  |2 stltpush  |3 (RuTPU)RU\TPU\col\3704 
801 1 |a RU  |b 63413507  |c 20140306 
801 2 |a RU  |b 63413507  |c 20140516  |g RCR 
942 |c BK